00538nam a22001817a 450000500170000000800410001702000180005804000210007604100080009708200190010510000320012424500800015625000120023626000330024830000100028165000340029170000310032520231106112026.0231106b ||||| |||| 00| 0 eng d a9788196114008 aIN-DiNCcIN-DiNC dasm bBHUa301.95416 aBhuyan, Dilip Kumareauthor aSocieties in North East India/cby Dilip Kumar Bhuyan and Moushumi Bordoloi a1st ed. aDibrugarh:bBanalata,c2023. a280p. aSociology of North East India aBordoloi, Moushumieauthor